Nghệ thuật tiểu thuyết "Nam triều công nghiệp diễn chí" của Nguyễn Khoa Điềm
Nam triều công nghiệp diễn chí trong diện mạo tiểu thuyết chương hồi Việt Nam. Nghệ thuật miêu tả sự kiện lịch sử và nhân vật trong Nam triều công nghiệp diễn chí. Nghệ thuật trần thuật qua kết cấu, ngôn ngữ và giọng điệu trong Nam triều công nghiệp diễn chí...
Gorde:
| Egile nagusia: | |
|---|---|
| Beste egile batzuk: | |
| Formatua: | Liburua |
| Hizkuntza: | Vietnamese |
| Argitaratua: |
Đà Nẵng
Đại học Đà Nẵng
2015
|
| Gaiak: | |
| Etiketak: |
Etiketa erantsi
Etiketarik gabe, Izan zaitez lehena erregistro honi etiketa jartzen!
|
| Thư viện lưu trữ: | Mạng thư viện Đại học Đà Nẵng |
|---|
| LEADER | 01936nam a2200373 4500 | ||
|---|---|---|---|
| 001 | 000023802 | ||
| 003 | 20255 | ||
| 005 | 20160325100317.0 | ||
| 008 | 160309s2015 viesd | ||
| 041 | |a vie | ||
| 082 | 1 | 4 | |a 895.922334 |b TR-D |
| 100 | 1 | |a Trương Thị Ngọc Dung | |
| 245 | 1 | |a Nghệ thuật tiểu thuyết "Nam triều công nghiệp diễn chí" của Nguyễn Khoa Điềm |c Trương Thị Ngọc Dung ; Hà Ngọc Hòa hướng dẫn. |k Luận văn Thạc sĩ | |
| 260 | |a Đà Nẵng |b Đại học Đà Nẵng |c 2015 | ||
| 300 | |a 90 tr. ; phụ lục 5 tr. |c 29 cm. |e Tóm tắt | ||
| 500 | |a Luận văn thạc sĩ Khoa học xã hội và nhân văn. Chuyên ngành: Văn học Việt Nam. Mã số: 60.22.01.21 | ||
| 520 | 3 | |a Nam triều công nghiệp diễn chí trong diện mạo tiểu thuyết chương hồi Việt Nam. Nghệ thuật miêu tả sự kiện lịch sử và nhân vật trong Nam triều công nghiệp diễn chí. Nghệ thuật trần thuật qua kết cấu, ngôn ngữ và giọng điệu trong Nam triều công nghiệp diễn chí | |
| 600 | 1 | 4 | |a Nguyễn Khoa Điềm |d 1943- |
| 650 | 0 | 4 | |a Tiểu thuyết Việt Nam |v Luận văn tốt nghiệp |x Nghệ thuật |z Việt Nam |
| 653 | |a Tiểu thuyết Việt Nam | ||
| 653 | |a Nguyễn Khoa Điềm | ||
| 653 | |a Văn học Việt Nam | ||
| 653 | |a Nam triều công nghiệp diễn chí | ||
| 700 | 1 | |a Hà Ngọc Hòa |c TS. |e Hướng dẫn | |
| OWN | |a LSP | ||
| AVA | |a UDN50 |b LSP |d 895.922334 TR-D |e available |t Error 5001 Not defined in file expand_doc_bib_avail. |f 1 |g 0 |h N |i 0 |k 1 | ||
| 999 | |a From the UDN01 | ||
| AVA | |a UDN50 |b LSP |d 895.922334 TR-D |e available |t Error 5001 Not defined in file expand_doc_bib_avail. |f 1 |g 0 |h N |i 0 |k 1 | ||
| TYP | |a Monograph | ||
| TYP | |a Printed language | ||
| 980 | |a Mạng thư viện Đại học Đà Nẵng | ||